Calcium hunger : behavioral and biological regulation

Sparad:
Bibliografiska uppgifter
Huvudupphovsman: Schulkin, Jay
Materialtyp: Bok
Språk:Undetermined
Publicerad: Cambridge,New York Cambridge University Press 2001
Ämnen:
Taggar: Lägg till en tagg
Inga taggar, Lägg till första taggen!
Thư viện lưu trữ: Trung tâm Học liệu Trường Đại học Cần Thơ
LEADER 00717nam a2200217Ia 4500
001 CTU_167363
008 210402s9999 xx 000 0 und d
020 |c 122 
082 |a 612.3924 
082 |b S386 
100 |a Schulkin, Jay 
245 0 |a Calcium hunger : 
245 0 |b behavioral and biological regulation 
245 0 |c Jay Schulkin 
260 |a Cambridge,New York 
260 |b Cambridge University Press 
260 |c 2001 
650 |a Calcium,Calcium in human nutrition,Appetite,Canxi,Canxi trong dinh dưỡng con người,Sự thèm ăn 
650 |x Metabolism,Regulation,Quy chế chuyển hóa 
910 |a Nguyên 
980 |a Trung tâm Học liệu Trường Đại học Cần Thơ